Biblioteca

La fe bíblica e histórica de los bautistas sobre las doctrinas de gracia : Un testimonio bíblico de los bautistas a la soberanía de Dios en la salvación de los hombres / J.P. Boyce [et. al.] (Registro nro. 40230)

Detalles MARC
000 -LÍDER
Campo fijo de descripción fija 005740000a22001690004500
020 ## - NÚMERO INTERNACIONAL NORMALIZADO PARA LIBROS
Número Internacional Normalizado del libro 1-928980-06-6
041 0# - CÓDIGO DE IDIOMA
Código de idioma para texto/pista de sonido o título separado
082 04 - NÚMERO DE CLASIFICACIÓN DECIMAL DEWEY
Número de clasificación G 286 B7892f
001 - NÚMERO DE CONTROL
Campo de control 10784
245 10 - TÍTULO
Título del Material La fe bíblica e histórica de los bautistas sobre las doctrinas de gracia : Un testimonio bíblico de los bautistas a la soberanía de Dios en la salvación de los hombres / J.P. Boyce [et. al.]
260 ## - PUBLICACIÓN, DISTRIBUCIÓN, ETC. (PIE DE IMPRENTA)
Lugar de publicación, distribución, etc. Graham, USA : Faro de Gracia
300 ## - DESCRIPCIÓN FÍSICA
Extensión 99 Pag
336 ## - CONTENT TYPE
Content type term texto
Content type code txt
Source rdacontent
337 ## - MEDIA TYPE
Source rdamedia
Media type term sin mediación
Media type code n
338 ## - CARRIER TYPE
Source rdacarrier
Carrier type term volumen
Carrier type code nc
942 ## - TIPO DE MATERIAL (KOHA)
Tipo de Item KOHA Libros General
Existencias
Estado de Material Estado de Perdido Estado de Dañado No para Préstamo Colección Tomo Biblioteca de Origen Biblioteca Permanente Fecha de Adquisición Total de Préstamos Signatura Topográfica Código de Barras Última vez visto Última vez Préstado Ejemplar/Existencia Fecha de Remplazo Tipo de Material
        Colección General   Biblioteca FUSBC Biblioteca FUSBC 25/01/2005 1 G 286 B7892f 14216 12/12/2019 10/11/2016 1 26/01/2016 Libros General

Biblioteca FUSBC | Teléfono: (57+4) 349 88 10 Ext. 141| WhatsApp (+57) 3005338115 
E-mail: biblioteca@unisbc.edu.co | Calle 76 87-14 Robledo Palenque, Medellín, Colombia

Con tecnología Koha